000 00849nam a2200229 a 4500
001 BRCA_2269
005 20190320203734.0
008 940915s2007####ne-a######---s000-0#spa-#
041 _aspa
044 _ane
050 4 _aTR820
_b.W67 2007
245 1 0 _aWorld Press Photo 07
_ceditor Elsbeth Schouten ; traducción Silvana Laguardia.
260 _aÁmsterdam
_bFundación World Press Photo
_c2007
300 _a156 p.
_bil. (algunas a color)
_c30 cm.
500 _aCatálogo de la exposición realizada en el Museo Franz Mayer (Ciudad de México), 27 septiembre - 28 octubre, 2007
500 _aIncluye lista de países participantes
650 1 4 _aFotoperiodismo
_vExposiciones
_xPremios
_95406
650 1 4 _aFotografía
_vExposiciones
_xPremios
_95407
700 1 _aSchouten, Elsbeth
_96808
700 1 _aLaguardia, Silvana
_95408
942 _2lcc
_cB
999 _c2017
_d2017